| Tag |
First Indicator |
Second Indicator |
Subfields |
| LEADER |
00000cam a2200000Ka 4500 |
| 001 |
in00002201701 |
| 006 |
m d f |
| 008 |
060822s2006 dcu s f000 0 eng d |
| 005 |
20230331150124.3 |
| 035 |
|
|
|a (OCoLC)ocm71016184
|
| 035 |
|
|
|a in00002201701
|
| 040 |
|
|
|a GPO
|c GPO
|d MvI
|d UtOrBLW
|
| 049 |
|
|
|a WWW
|
| 074 |
|
|
|a 0431-I-01 (online)
|
| 086 |
0 |
|
|a EP 1.2:42/34
|
| 088 |
|
|
|a EPA 530-F-05-012
|
| 245 |
0 |
0 |
|a Chemicals in school :
|b solutions for healthy school environments.
|
| 264 |
|
1 |
|a [Washington, D.C.] :
|b United States Environmental Protection Agency,
|c [2006]
|
| 300 |
|
|
|a 2 pages :
|b digital, PDF file.
|
| 336 |
|
|
|a text
|b txt
|2 rdacontent
|
| 337 |
|
|
|a computer
|b c
|2 rdamedia
|
| 338 |
|
|
|a unspecified
|b zu
|2 rdacarrier
|
| 500 |
|
|
|a "EPA530-F-05-012."
|
| 500 |
|
|
|a "January 2006."
|
| 500 |
|
|
|a Title from title screen (viewed on Aug. 22, 2006).
|
| 538 |
|
|
|a Mode of access: Internet from the EPA web site. Address as of 8/22/2006: http://www.epa.gov/SC3/pdfs/solutions.pdf; current access available via PURL.
|
| 500 |
|
|
|a Electronic resource.
|
| 650 |
|
0 |
|a Schools
|x Environmental aspects
|z United States.
|
| 710 |
1 |
|
|a United States.
|b Environmental Protection Agency.
|
| 856 |
4 |
0 |
|u https://purl.fdlp.gov/GPO/LPS73392
|t 0
|
| 999 |
|
|
|a MARS
|
| 999 |
f |
f |
|i 2c738c50-d65f-3582-9e9e-e8cc689bd918
|s 175e7aeb-ef82-30e5-b2fe-59743ddba6ee
|t 0
|
| 952 |
f |
f |
|a Texas A&M University
|b College Station
|c Electronic Resources
|d Available Online
|t 0
|e EP 1.2:42/34
|h Superintendent of Documents classification
|
| 998 |
f |
f |
|a EP 1.2:42/34
|t 0
|l Available Online
|